000
00239nam a2200085Ia 4500
245
0
_a
Khalil's Journey
100
_a
Kagee, Ashraf Auckland Park, South Africa, 2012
_9
85228
942
_c
BK
008
210817s9999 xx 000 0 und d
999
_c
317476
_d
317475